Most Common Web Fonts - Statistics

General Stats
  • This quiz has been taken 47 times
  • The average score is 3 of 20
Answer Stats
% Font % Correct
1 Times New Roman
93%
23 Arial
81%
21 Helvetica
56%
8 Roboto
16%
5 Open Sans
5%
3 Lato
2%
1 Merriweather
2%
4 Montserrat
2%
5 Noto
2%
1 Nunito
0%
2 Oswald
0%
1 Playfair Display
0%
2 PT Sans
0%
2 Raleway
0%
1 Roboto Condensed
0%
1 Roboto Slab
0%
1 Rubik
0%
3 Source Sans Pro
0%
1 Ubuntu
0%
1 Work Sans
0%
No matching quizzes found
Score Distribution
Percent of People with Each Score
Percentile by Number Answered
Your Score History
You have not taken this quiz